Руководство по проектированию сооружений электросвязи на железных дорогах Союза ССР: утверждено Министерством путей сообщения СССР 19.05.80

Dades bibliogràfiques
Altres autors: Кац С. Е. (составитель)
Idioma:rus
Publicat: Ленинград, Транспорт, 1982
Matèries:
Format: MixedMaterials Llibre
KOHA link:https://koha.lib.tpu.ru/cgi-bin/koha/opac-detail.pl?biblionumber=311717

MARC

LEADER 00000nam0a2200000 4500
001 311717
005 20231102002420.0
020 |a RU  |b 82-21258 
035 |a (RuTPU)RU\TPU\book\337082 
090 |a 311717 
100 |a 20151211d1982 km y0rusy5003 ca 
101 0 |a rus 
102 |a RU 
105 |a y z 001zy 
200 1 |a Руководство по проектированию сооружений электросвязи на железных дорогах Союза ССР  |e утверждено Министерством путей сообщения СССР 19.05.80  |f сост. С. Е. Кац 
210 |a Ленинград  |c Транспорт  |d 1982 
215 |a 110 с. 
320 |a Перечень нормативных документов: с. 104-105 
606 1 |a Железнодорожная радиосвязь  |x Проектирование  |x Экономическая часть  |2 stltpush  |3 (RuTPU)RU\TPU\subj\10375  |9 37460 
610 1 |a связь, сооружения 
610 1 |a электрическая связь 
610 1 |a железные дороги 
610 1 |a СНиПы 
610 1 |a техническая эксплуатация 
610 1 |a нормативные документы 
675 |a 656.254  |z rus  |v 3 
702 1 |a Кац  |b С. Е.  |4 220 
801 0 |a RU  |b RuMRKP  |c 19950704  |g psbo 
801 1 |a RU  |b 63413507  |c 20151211 
801 2 |a RU  |b 63413507  |c 20191004  |g RCR 
942 |c BK